00530nam a2200181 a 45000010010000000030011000100080041000210350026000620820015000881000016001032450027001192600053001466500011001999420012002109520091002229980020003139990015003330000-8956ELIB.Books110520 2005  a(ELIB.Books)0000-9105 aB.Th bEst aEsther, Naw aTowards a Happy Family bInsein: Karen Baptist Theolgical Seminary c2005 aThesis 2ddccBK 00102ddc4070aKBTSbKBTSd2011-05-20l0p30223r2022-01-22 00:00:00w2022-01-22yBK cbate2011-05-20 c8956d8956